NFL Nicknames Quiz - Statistics

General Stats
  • This quiz has been taken 118 times
  • The average score is 9 of 15
Answer Stats
Nickname Real Name % Correct
Megatron Calvin Johnson
94%
Beast Mode Marshawn Lynch
94%
Prime Time Deion Sanders
89%
Night Train Richard Lane
88%
JJettas Justin Jefferson
82%
Air McNair Steve McNair
82%
The Bus Jerome Bettis
75%
Minister of Defense Reggie White
65%
Dan the Man Dan marino
61%
Pate Pete Patrick Peterson
42%
Ball Hawk Ed Reed
27%
Anytime Devin Hester
19%
A-Train Mike Alstott
17%
Terminator Aaron Donald
16%
Grave Digger Gilbert Brown
16%
No matching quizzes found
Score Distribution
Percent of People with Each Score
Percentile by Number Answered
Your Score History
You have not taken this quiz